La formación del espiritú cientifico (Registro nro. 4460)

Detalles MARC
000 -LEADER
fixed length control field 01281 a2200229 4500
001 - CONTROL NUMBER
control field 47779
005 - DATE AND TIME OF LATEST TRANSACTION
control field 20260407155744.0
008 - FIXED-LENGTH DATA ELEMENTS--GENERAL INFORMATION
fixed length control field 260407a2004 arg spa d
003 - CONTROL NUMBER IDENTIFIER
control field AR-UNSa-BCEJYS
040 ## - CATALOGING SOURCE
Original cataloging agency AR-UNSa-BCEJYS
Language of cataloging spa
Transcribing agency AR-UNSa-BCEJYS
080 ## - UNIVERSAL DECIMAL CLASSIFICATION NUMBER
Universal Decimal Classification number 165
Common auxiliary subdivision Teoría del conocimiento. Epistemología
020 ## - INTERNATIONAL STANDARD BOOK NUMBER
International Standard Book Number 968-23-1731-2
041 ## - LANGUAGE CODE
Language code of text/sound track or separate title spa
100 1# - MAIN ENTRY--PERSONAL NAME
Personal name Babini, José
245 10 - TITLE STATEMENT
Title La formación del espiritú cientifico
264 #1 - PRODUCTION, PUBLICATION, DISTRIBUTION, MANUFACTURE, AND COPYRIGHT NOTICE
Place of production, publication, distribution, manufacture México :
Name of producer, publisher, distributor, manufacturer Siglo Veintiuno editores
Date of production, publication, distribution, manufacture, or copyright notice 2004
300 ## - PHYSICAL DESCRIPTION
Extent 302 p.
Dimensions 21 cm.
505 ## - FORMATTED CONTENTS NOTE
Formatted contents note 1. La noción del obstáculo epistemológico. Plan de la obra - 2. El primer obstáculo: la experiencia básica - 3. El conocimiento general como obstáculo para el conocimiento científico - 4. Un ejemplo de obstáculo verbal: la esponja. Extensión abusiva de las imágenes familiares - 5. El conocimiento unitario y pragmático como obstáculo para el conocimiento científico - 6. El obstáculo sustancialista - 7. Psicoanálisis del Realista - 8. El obstáculo animista - 9. El mito de la digestión - 10. Libido y conocimiento objetivo - 11. Los obstáculos del conocimiento cuantitativo - 12. Objetividad científica y psicoanálisis.
590 ## - LOCAL NOTE (RLIN)
Local note niveau_biblio:m niveau_hierar:0
700 1# - ADDED ENTRY--PERSONAL NAME
Personal name Bachelard, Gastón
942 ## - ADDED ENTRY ELEMENTS (KOHA)
Koha item type
Existencias
Withdrawn status Lost status Damaged status Not for loan Home library Current library Shelving location Date acquired Total checkouts Full call number Barcode Date last seen Price effective from Koha item type
        Biblioteca Prof. Eusebio Cleto del Rey Biblioteca Prof. Eusebio Cleto del Rey   07/04/2026   165 B119 L87944 07/04/2026 07/04/2026 Libro
        Biblioteca Prof. Eusebio Cleto del Rey Biblioteca Prof. Eusebio Cleto del Rey   07/04/2026   165 B119 L87946 07/04/2026 07/04/2026 Libro
        Biblioteca Prof. Eusebio Cleto del Rey Biblioteca Prof. Eusebio Cleto del Rey   07/04/2026   165 B119 L87945 07/04/2026 07/04/2026 Libro